| 000 | 00453nam a22001817a 4500 | ||
|---|---|---|---|
| 003 | MPLRDC | ||
| 005 | 20220104171514.0 | ||
| 008 | 210129b ||||| |||| 00| 0 eng d | ||
| 020 | _a967-970-003-8 | ||
| 082 | _a574.386 MOR-1 | ||
| 100 | _aJ. VICTOR MORAIS | ||
| 245 |
_aANWAR IBRAHIM, RESOLUTE IN LEADERSHIP _c |
||
| 250 | _a初版 | ||
| 260 |
_a _bARENABUKU _c1983 |
||
| 300 | _b平 | ||
| 650 | _a马来西亚政治 | ||
| 942 |
_cBK _o574.386 MOR-1 |
||
| 999 |
_c58485 _d58475 |
||